One hundred countries, two billion people

में बचाया:
ग्रंथसूची विवरण
मुख्य लेखक: McNamara, Robert S.
स्वरूप: पुस्तक
भाषा:Undetermined
प्रकाशित: New York Praeger Publishers 1973
विषय:
टैग : टैग जोड़ें
कोई टैग नहीं, इस रिकॉर्ड को टैग करने वाले पहले व्यक्ति बनें!
Thư viện lưu trữ: Trung tâm Học liệu Trường Đại học Cần Thơ
LEADER 00517nam a2200181Ia 4500
001 CTU_83108
008 210402s9999 xx 000 0 und d
082 |a 338.91 
082 |b M266 
100 |a McNamara, Robert S. 
245 0 |a One hundred countries, two billion people 
245 0 |c Robert S. McNamara 
260 |a New York 
260 |b Praeger Publishers 
260 |c 1973 
650 |a Economic development,World bank 
904 |i Qhieu(sửa) 
980 |a Trung tâm Học liệu Trường Đại học Cần Thơ